| 000 | 01031nam a22002417a 4500 | ||
|---|---|---|---|
| 003 | OSt | ||
| 005 | 20250827101309.0 | ||
| 008 | 240305b ||||| |||| 00| 0 eng d | ||
| 040 | _c0 | ||
| 082 | _aDPer 621.317 Ie21 July 2022 v. 37 n. 7 | ||
| 100 |
_aRavi, Lakshmi. _eauthor. _953989 |
||
| 245 |
_aElectronic MOV-based voltage clamping circuit for DC solid-state circuit breaker application / _cLakshmi Ravi, Di Zhang, Dehao Qin, Zheyu Zhang, Yuntao Xu, and Dong Dong. |
||
| 260 |
_aNew York ; _bThe Institute of Electrical and Electronics Engineers, Inc. , _cJuly 2022. |
||
| 300 |
_avolume 37, pages 7561-7565 : _billustration ; _c28 cm. |
||
| 500 | _aIEEE Transaction on Power Electronics Society, vol. 37, no. 7, pages 7561-7565,July 2022. | ||
| 700 |
_aRavi, Lakshmi. _eauthor. _953989 |
||
| 700 |
_aZhang, Di. _eauthor. _953990 |
||
| 700 |
_aQin, Dehao. _eauthor. _953991 |
||
| 700 |
_aZhang, Zheyu. _eauthor. _953992 |
||
| 700 |
_aXu, Yuntao. _eauthor. _953993 |
||
| 700 |
_aDong, Dong. _eauthor. _953994 |
||
| 942 |
_2ddc _cPER |
||
| 999 |
_c19525 _d19525 |
||